[Event "VIE-ch"]
[Site "Hanoi"]
[Date "2024.03.15"]
[Round "7"]
[White "Mai, Duc Kien"]
[Black "Le, Minh Tu"]
[Result "0-1"]
[WhiteElo "1632"]
[BlackElo "1973"]
[PlyCount "75"]
[EventDate "2024.03.11"]
[EventType "swiss"]
[EventRounds "9"]
[EventCountry "VIE"]
[SourceTitle "CB13_2024"]
[SourceDate "2024.03.27"]
[SourceVersion "1"]
[SourceVersionDate "2024.03.27"]
[SourceQuality "1"]

1. e4 c5 2. Nf3 a6 3. Nc3 e6 4. Be2 b5 5. 0-0 Bb7 6. d3 Qc7 7. Re1 d6 8. Bf4 Nd7 9. Bf1 Ngf6 10. h3 Be7 11. e5 dxe5 12. Nxe5 Nxe5 13. Bxe5 Qc6 14. Ne4 Qd5 15. Nc3 Qc6 16. Ne4 Rd8 17. Nd2 0-0 18. Nf3 Rd5 19. Qe2 Rfd8 20. Rad1 Rc8 21. Bh2 Bd6 22. Bxd6 Rxd6 23. d4 Nd5 24. Ne5 Qc7 25. dxc5 Qxc5 26. Qh5 Qc7 27. c3 Nf6 28. Qe2 Rcd8 29. Ng4 Ne4 30. Rxd6 Qxd6 31. f3 Ng3 32. Qf2 h5 33. Ne3 h4 34. Rd1 Qxd1 35. Nxd1 Rxd1 36. b3 Rxf1+ 37. Qxf1 Nxf1 38. Kxf1 0-1

[Event "VIE-ch"]
[Site "Hanoi"]
[Date "2024.03.13"]
[Round "4"]
[White "Le, Minh Tu"]
[Black "Pham, Huy Duc"]
[Result "1-0"]
[WhiteElo "1973"]
[BlackElo "1720"]
[PlyCount "93"]
[EventDate "2024.03.11"]
[EventType "swiss"]
[EventRounds "9"]
[EventCountry "VIE"]
[SourceTitle "CB13_2024"]
[SourceDate "2024.03.27"]
[SourceVersion "1"]
[SourceVersionDate "2024.03.27"]
[SourceQuality "1"]

1. d4 d5 2. c4 e6 3. Nc3 Nf6 4. cxd5 exd5 5. Bg5 Be7 6. e3 0-0 7. Bd3 h6 8. Bh4 c6 9. Qc2 Be6 10. Nge2 Nh5 11. Bxe7 Qxe7 12. 0-0 Nd7 13. Rae1 Rae8 14. f3 b6 15. e4 dxe4 16. fxe4 c5 17. d5 c4 18. dxe6 fxe6 19. Nc1 cxd3 20. Nxd3 Nc5 21. Nxc5 Qxc5+ 22. Kh1 Qe5 23. Qd1 Rxf1+ 24. Rxf1 Rf8 25. Rxf8+ Kxf8 26. Qd8+ Kf7 27. Qd7+ Kg8 28. g3 Qf6 29. Kg2 Qf7 30. Qxf7+ Kxf7 31. Nb5 a6 32. Nd6+ Kf6 33. Kf3 g6 34. a4 Ke5 35. Nc4+ Kd4 36. Nxb6 Nf6 37. b4 Nxe4 38. Nd7 Nc3 39. Nc5 e5 40. a5 e4+ 41. Kf2 Nd5 42. Nxa6 Kc4 43. Ke2 Kd4 44. Nc5 Nxb4 45. a6 Nc6 46. Ne6+ Kd5 47. Nf4+ 1-0

[Event "VIE-ch"]
[Site "Hanoi"]
[Date "2024.03.13"]
[Round "5"]
[White "Nguyen, Tung Quan"]
[Black "Le, Minh Tu"]
[Result "1-0"]
[WhiteElo "1823"]
[BlackElo "1973"]
[PlyCount "55"]
[EventDate "2024.03.11"]
[EventType "swiss"]
[EventRounds "9"]
[EventCountry "VIE"]
[SourceTitle "CB13_2024"]
[SourceDate "2024.03.27"]
[SourceVersion "1"]
[SourceVersionDate "2024.03.27"]
[SourceQuality "1"]

1. e4 c6 2. d4 d5 3. Nc3 dxe4 4. Nxe4 Nf6 5. Nxf6+ exf6 6. Be3 Bd6 7. Bd3 0-0 8. Ne2 Re8 9. 0-0 Bg4 10. Qd2 Nd7 11. h3 Bh5 12. Nf4 Bg6 13. Nxg6 hxg6 14. Bf4 Qc7 15. Bxd6 Qxd6 16. c3 f5 17. Rfe1 Nf6 18. Rxe8+ Rxe8 19. Re1 Rd8 20. b4 b6 21. Bc2 f4 22. Bb3 g5 23. Qc2 Nd5 24. Re5 Qf6 25. b5 f3 26. bxc6 Qxc6 27. Bxd5 Rxd5 28. Qe4 1-0

[Event "VIE-chT"]
[Site "Hanoi"]
[Date "2023.04.22"]
[Round "8"]
[White "Le, Minh Tu"]
[Black "Luong, Duy Loc"]
[Result "0-1"]
[WhiteElo "1955"]
[BlackElo "1767"]
[PlyCount "80"]
[EventDate "2023.04.18"]
[EventType "swiss"]
[EventRounds "9"]
[EventCountry "VIE"]
[SourceTitle "EXT 2024"]
[Source "ChessBase"]
[SourceDate "2023.10.10"]
[SourceVersion "1"]
[SourceVersionDate "2023.10.10"]
[SourceQuality "1"]

1. d4 d5 2. Nf3 Nf6 3. Bf4 c5 4. e3 Nc6 5. c3 cxd4 6. exd4 Bf5 7. Qb3 Qc8 8. Nbd2 e6 9. Be2 Be7 10. 0-0 0-0 11. Rac1 Qd7 12. Bb5 Bd6 13. Ne5 Bxe5 14. Bxe5 Ne4 15. Nxe4 Bxe4 16. Rfe1 a6 17. Bxc6 bxc6 18. c4 f6 19. Bg3 dxc4 20. Qxc4 Bd5 21. Qb4 Rfd8 22. a4 Ra7 23. Red1 Rb7 24. Qa3 Rb3 25. Qa1 Qb7 26. Rd2 Qb4 27. Rcc2 Rd7 28. f3 Rb7 29. Bf2 Qa5 30. Re2 R3b4 31. Be1 Qxa4 32. Qc1 Rxd4 33. Bc3 Rd3 34. Rcd2 Qb5 35. Rxd3 Qxd3 36. Re3 Qb5 37. g4 Rd7 38. g5 fxg5 39. Re5 Qd3 40. Rxg5 Qxf3 0-1

[Event "VIE-chT"]
[Site "Hanoi"]
[Date "2023.04.20"]
[Round "5"]
[White "Tran, Manh Tien"]
[Black "Le, Minh Tu"]
[Result "1/2-1/2"]
[WhiteElo "2203"]
[BlackElo "1955"]
[PlyCount "48"]
[EventDate "2023.04.18"]
[EventType "swiss"]
[EventRounds "9"]
[EventCountry "VIE"]
[SourceTitle "EXT 2024"]
[Source "ChessBase"]
[SourceDate "2023.10.10"]
[SourceVersion "1"]
[SourceVersionDate "2023.10.10"]
[SourceQuality "1"]

1. d4 d5 2. c4 dxc4 3. Nf3 Nf6 4. e3 a6 5. a4 Nc6 6. Bxc4 Bg4 7. h3 Bh5 8. Nc3 e6 9. Be2 Be7 10. 0-0 0-0 11. b3 Nb4 12. Ne5 Bxe2 13. Qxe2 c5 14. dxc5 Bxc5 15. Bb2 Qe7 16. Nc4 Rfd8 17. Rad1 h6 18. Qf3 Nd3 19. Ba1 Rd7 20. Qg3 Nh5 21. Qf3 Nf6 22. Ne2 e5 23. Ng3 Rad8 24. a5 Qe6 1/2-1/2

[Event "VIE-ch"]
[Site "Ho Chi Minh City"]
[Date "2021.03.28"]
[Round "7"]
[White "Le, Minh Tu"]
[Black "Le, Quang Vinh"]
[Result "1/2-1/2"]
[WhiteElo "1954"]
[BlackElo "1833"]
[PlyCount "36"]
[EventDate "2021.03.24"]
[EventType "swiss"]
[EventRounds "9"]
[EventCountry "VIE"]
[SourceTitle "EXT 2022"]
[Source "ChessBase"]
[SourceDate "2021.10.06"]
[SourceVersion "1"]
[SourceVersionDate "2021.10.06"]
[SourceQuality "1"]

1. e4 d6 2. d4 Nf6 3. Nc3 g6 4. Nf3 Bg7 5. h3 0-0 6. Be3 Nbd7 7. Bc4 e5 8. dxe5 dxe5 9. 0-0 c6 10. Bb3 Qe7 11. Qe2 Nc5 12. Bxc5 Qxc5 13. Qc4 Qe7 14. Rfd1 Be6 15. Qe2 Bxb3 16. axb3 a6 17. Rd3 Rad8 18. Rad1 Rxd3 1/2-1/2

[Event "VIE-ch"]
[Site "Ho Chi Minh City"]
[Date "2021.03.27"]
[Round "5"]
[White "Le, Minh Tu"]
[Black "Nguyen, Van Toan Thanh"]
[Result "1-0"]
[WhiteElo "1954"]
[BlackElo "2015"]
[PlyCount "45"]
[EventDate "2021.03.24"]
[EventType "swiss"]
[EventRounds "9"]
[EventCountry "VIE"]
[SourceTitle "EXT 2022"]
[Source "ChessBase"]
[SourceDate "2021.10.06"]
[SourceVersion "1"]
[SourceVersionDate "2021.10.06"]
[SourceQuality "1"]

1. e4 e5 2. Nf3 Nf6 3. d4 Nxe4 4. Bd3 d5 5. Nxe5 Bd6 6. 0-0 0-0 7. f3 Ng5 8. f4 Ne4 9. c4 c6 10. Nc3 Nxc3 11. bxc3 Nd7 12. Qf3 Nf6 13. Bd2 dxc4 14. Bxc4 Bf5 15. Rae1 Qc8 16. h3 b5 17. Bb3 c5 18. g4 c4 19. Bd1 Be6 20. Bc2 Bd5 21. Qe2 Re8 22. Bf5 Qa6 23. g5 1-0

[Event "VIE Cup"]
[Site "Hanoi"]
[Date "2021.??.??"]
[Round "3"]
[White "Le, Minh Tu"]
[Black "Nguyen, Thanh Liem"]
[Result "1-0"]
[WhiteElo "1947"]
[BlackElo "2431"]
[PlyCount "121"]
[EventDate "2021.05.03"]
[EventType "swiss"]
[EventRounds "9"]
[EventCountry "VIE"]
[SourceTitle "EXT 2022"]
[Source "ChessBase"]
[SourceDate "2021.10.06"]
[SourceVersion "1"]
[SourceVersionDate "2021.10.06"]
[SourceQuality "1"]

1. d4 d5 2. c4 e6 3. Nc3 Nf6 4. cxd5 exd5 5. Bg5 Be7 6. e3 Bf5 7. Bxf6 Bxf6 8. Qb3 Nd7 9. Nxd5 Be6 10. Bc4 0-0 11. Nxf6+ Qxf6 12. Bxe6 fxe6 13. Nf3 Rab8 14. 0-0 Kh8 15. Rac1 c6 16. Qc2 Rbc8 17. b4 a6 18. a4 b6 19. Qe4 c5 20. bxc5 bxc5 21. Qb7 Qd8 22. Qxa6 Rf6 23. Rfd1 Ra8 24. Qd3 Qe7 25. dxc5 Nxc5 26. Qa3 Rf5 27. a5 h6 28. Nd4 Rg5 29. Nf3 Rh5 30. Rd4 Qa7 31. g4 Rh3 32. Qxc5 Rxf3 33. Rd8+ Kh7 34. Qc2+ g6 35. Qc7+ Rf7 36. Rxa8 Rxc7 37. Rxa7 Rxa7 38. Ra1 Kg7 39. a6 Kf6 40. f4 e5 41. Kf2 e4 42. Ra5 Ke6 43. Kg3 Kd6 44. f5 g5 45. Kf2 Kc6 46. Ke2 Kb6 47. Ra2 Kc5 48. Kd2 Kb4 49. Kc2 Kc4 50. f6 Kb4 51. Kd2 Kc4 52. Ke2 Kb3 53. Ra1 Kb2 54. Ra5 Kc2 55. f7 Ra8 56. a7 Rd8 57. Ra2+ Kc1 58. a8Q Kb1 59. Qxd8 Kxa2 60. Qb6 h5 61. f8R 1-0

[Event "VIE-ch op"]
[Site "Hanoi"]
[Date "2020.11.28"]
[Round "8"]
[White "Lam, Duc Hai Nam"]
[Black "Le, Minh Tu"]
[Result "0-1"]
[WhiteElo "2317"]
[BlackElo "2324"]
[PlyCount "78"]
[EventDate "2020.11.23"]
[EventType "swiss"]
[EventRounds "9"]
[EventCountry "VIE"]
[SourceTitle "CBM 199 Extra"]
[Source "ChessBase"]
[SourceDate "2021.01.31"]
[SourceVersion "1"]
[SourceVersionDate "2021.01.31"]
[SourceQuality "1"]

1. d4 d5 2. c4 c6 3. Nc3 Nf6 4. Nf3 dxc4 5. e4 b5 6. e5 Nd5 7. a4 e6 8. axb5 Nxc3 9. bxc3 cxb5 10. Rb1 Qd5 11. Ng5 Bb7 12. Qh5 g6 13. Qg4 h6 14. Nh3 b4 15. Be3 Qe4 16. Qxe4 Bxe4 17. Rd1 bxc3 18. f3 Bd5 19. Rc1 Nc6 20. Be2 Ba3 21. Ra1 Bb2 22. Ra4 c2 23. Kf2 Nxd4 24. Bxc4 Rc8 25. Bxd5 exd5 26. Bxd4 Bxd4+ 27. Rxd4 c1Q 28. Rxc1 Rxc1 29. Rxd5 0-0 30. Ra5 Ra8 31. f4 a6 32. g4 Rb1 33. Ng1 Rb5 34. Ra1 a5 35. Ne2 a4 36. Nc3 Rb2+ 37. Ke3 a3 38. h4 a2 39. f5 Ra3 0-1

[Event "VIE-ch op"]
[Site "Hanoi"]
[Date "2020.11.27"]
[Round "7"]
[White "Le, Minh Tu"]
[Black "Doan, Van Duc"]
[Result "1/2-1/2"]
[WhiteElo "2324"]
[BlackElo "2332"]
[PlyCount "50"]
[EventDate "2020.11.23"]
[EventType "swiss"]
[EventRounds "9"]
[EventCountry "VIE"]
[SourceTitle "CBM 199 Extra"]
[Source "ChessBase"]
[SourceDate "2021.01.31"]
[SourceVersion "1"]
[SourceVersionDate "2021.01.31"]
[SourceQuality "1"]

1. e4 e6 2. d4 d5 3. exd5 exd5 4. Bd3 Nf6 5. Ne2 Be7 6. 0-0 0-0 7. Bf4 Re8 8. Re1 Nbd7 9. Nbc3 c6 10. Ng3 g6 11. Qd2 Nf8 12. h3 Ne6 13. Be3 Bf8 14. Nce2 Bg7 15. Nf4 Nxf4 16. Bxf4 Rxe1+ 17. Rxe1 Be6 18. c3 Qd7 19. Bh6 Re8 20. Bxg7 Kxg7 21. Re2 h6 22. Qe1 Qd8 23. a3 Bd7 24. Rxe8 Qxe8 25. Qxe8 Nxe8 1/2-1/2

[Event "VIE-ch op"]
[Site "Hanoi"]
[Date "2020.11.26"]
[Round "6"]
[White "Pham, Minh Hieu"]
[Black "Le, Minh Tu"]
[Result "1-0"]
[WhiteElo "2326"]
[BlackElo "2324"]
[PlyCount "103"]
[EventDate "2020.11.23"]
[EventType "swiss"]
[EventRounds "9"]
[EventCountry "VIE"]
[SourceTitle "CBM 199 Extra"]
[Source "ChessBase"]
[SourceDate "2021.01.31"]
[SourceVersion "1"]
[SourceVersionDate "2021.01.31"]
[SourceQuality "1"]

1. e4 c6 2. d4 d5 3. Nc3 dxe4 4. Nxe4 Nf6 5. Nxf6+ exf6 6. Nf3 Bd6 7. Bd3 0-0 8. 0-0 Bg4 9. c3 Re8 10. h3 Bh5 11. Bf5 Nd7 12. Qd3 Nf8 13. Bd2 Qc7 14. Rfe1 Bf4 15. Re4 Bxd2 16. Nxd2 Rxe4 17. Bxe4 Re8 18. g3 Bg6 19. Bxg6 Nxg6 20. Nf3 Qd7 21. h4 Qg4 22. Nh2 Qd7 23. h5 Nf8 24. h6 g5 25. f4 Qh3 26. fxg5 fxg5 27. Qf3 f5 28. Rf1 Qxh6 29. Qxf5 Qg6 30. Ng4 Qxf5 31. Nh6+ Kg7 32. Nxf5+ Kg8 33. Nd6 Re7 34. a4 a6 35. a5 Ng6 36. b4 h6 37. Nf5 Rh7 38. Re1 Kf7 39. Nd6+ Kf6 40. Re8 Rd7 41. Ne4+ Kf5 42. Nc5 Rf7 43. Kg2 h5 44. Re1 Kg4 45. Re6 Kf5 46. c4 h4 47. g4+ Kxg4 48. Rxg6 h3+ 49. Kg1 Kh5 50. Rg8 g4 51. Nd3 Rd7 52. Rxg4 1-0

[Event "VIE-ch op"]
[Site "Hanoi"]
[Date "2020.11.23"]
[Round "2"]
[White "Le, Minh Tu"]
[Black "Nguyen, Hoang Duc"]
[Result "0-1"]
[WhiteElo "2324"]
[BlackElo "2331"]
[PlyCount "88"]
[EventDate "2020.11.23"]
[EventType "swiss"]
[EventRounds "9"]
[EventCountry "VIE"]
[SourceTitle "CBM 199 Extra"]
[Source "ChessBase"]
[SourceDate "2021.01.31"]
[SourceVersion "1"]
[SourceVersionDate "2021.01.31"]
[SourceQuality "1"]

1. d4 Nf6 2. Nf3 e6 3. g3 c5 4. c3 b6 5. Bg2 Bb7 6. 0-0 Be7 7. b3 0-0 8. Bb2 d6 9. Nbd2 Nbd7 10. c4 cxd4 11. Nxd4 Bxg2 12. Kxg2 Qc7 13. N2f3 Qb7 14. Rc1 Rfd8 15. Qc2 Rac8 16. Qb1 Ne4 17. Qa1 Bf6 18. Kg1 a6 19. Rfd1 h6 20. Nc2 b5 21. Ne3 b4 22. Bxf6 Ndxf6 23. Nd4 Nc3 24. Re1 Qb6 25. Ndc2 a5 26. a3 Nfe4 27. f3 Nd2 28. Qb2 d5 29. Kg2 d4 30. axb4 axb4 31. Nxb4 Qxb4 32. Qxd2 Qxb3 33. Qd3 Qb4 34. Nd1 Na2 35. Nf2 Nxc1 36. Rxc1 Ra8 37. Ne4 Ra3 38. Rb1 Qa4 39. Nc5 Rxd3 40. Nxa4 Rd2 41. Kf1 Rc2 42. c5 d3 43. exd3 Rxd3 44. Kg1 Ra3 0-1

[Event "VIE-chT"]
[Site "Bac Giang"]
[Date "2020.06.10"]
[Round "7.15"]
[White "Le, Minh Tu"]
[Black "Nguyen, Huu Hoang Anh"]
[Result "1/2-1/2"]
[WhiteElo "1954"]
[BlackElo "1945"]
[PlyCount "119"]
[EventDate "2020.06.06"]
[EventType "swiss"]
[EventRounds "9"]
[EventCountry "VIE"]
[SourceTitle "CBM 197 Extra"]
[Source "ChessBase"]
[SourceDate "2020.09.30"]
[SourceVersion "1"]
[SourceVersionDate "2020.09.30"]
[SourceQuality "1"]

1. e4 g6 2. Nf3 Bg7 3. Bc4 a6 4. a4 d6 5. d4 Nf6 6. Nc3 0-0 7. 0-0 Nc6 8. h3 e6 9. Bg5 h6 10. Be3 b6 11. Re1 Bb7 12. Qd2 Kh7 13. Rad1 Na5 14. Bd3 c5 15. dxc5 dxc5 16. e5 Nd5 17. Nxd5 Bxd5 18. b4 Nc6 19. bxc5 Bxf3 20. gxf3 Nxe5 21. Be2 bxc5 22. f4 Nc6 23. Bxc5 Qxd2 24. Rxd2 Bc3 25. Rdd1 Bxe1 26. Bxf8 Rxf8 27. Rxe1 Nd4 28. c3 Nxe2+ 29. Rxe2 Rc8 30. Rc2 Rc4 31. a5 Rc5 32. c4 Rxa5 33. c5 Rb5 34. c6 Rb8 35. Kg2 Kg7 36. Kf3 Kf6 37. Ke4 Ke7 38. Ra2 Rb4+ 39. Ke3 Rb6 40. Rc2 Kd8 41. c7+ Kc8 42. Ke4 Rb5 43. Rc6 a5 44. Ra6 Kxc7 45. Ra7+ Kd6 46. Rxf7 a4 47. Ra7 Rb4+ 48. Kf3 Kd5 49. Kg4 g5 50. Kh5 gxf4 51. Kxh6 Kc4 52. Kg5 Kb3 53. Ra6 e5 54. h4 a3 55. h5 a2 56. h6 Ra4 57. Rxa4 Kxa4 58. h7 a1Q 59. h8Q Qg1+ 60. Kf5 1/2-1/2

[Event "VIE-chT"]
[Site "Bac Giang"]
[Date "2020.06.08"]
[Round "5.20"]
[White "Le, Minh Tu"]
[Black "Nguyen, Vuong Tung Lam"]
[Result "1/2-1/2"]
[WhiteElo "1954"]
[BlackElo "1528"]
[PlyCount "58"]
[EventDate "2020.06.06"]
[EventType "swiss"]
[EventRounds "9"]
[EventCountry "VIE"]
[SourceTitle "CBM 197 Extra"]
[Source "ChessBase"]
[SourceDate "2020.09.30"]
[SourceVersion "1"]
[SourceVersionDate "2020.09.30"]
[SourceQuality "1"]

1. d4 d5 2. c4 c6 3. Nc3 Nf6 4. Nf3 g6 5. cxd5 Nxd5 6. e4 Nxc3 7. bxc3 Bg7 8. Bc4 0-0 9. 0-0 Bg4 10. Rb1 Qc7 11. h3 Bxf3 12. Qxf3 Nd7 13. Ba3 b5 14. Bb3 c5 15. Bd5 Rab8 16. e5 e6 17. Bc6 b4 18. Bxd7 Qxd7 19. Bb2 cxd4 20. cxd4 Rfc8 21. Rfd1 Rb5 22. Rbc1 Rxc1 23. Rxc1 Rd5 24. Qb3 Bf8 25. Rc4 h6 26. Qc2 Qe7 27. Qa4 Qd7 28. Qc2 Qe7 29. Qa4 Qd7 1/2-1/2

[Event "VIE-chT"]
[Site "Bac Giang"]
[Date "2020.06.06"]
[Round "2.18"]
[White "Le, Minh Tu"]
[Black "Dinh, Nho Kiet"]
[Result "1-0"]
[WhiteElo "1954"]
[BlackElo "1525"]
[PlyCount "81"]
[EventDate "2020.06.06"]
[EventType "swiss"]
[EventRounds "9"]
[EventCountry "VIE"]
[SourceTitle "CBM 197 Extra"]
[Source "ChessBase"]
[SourceDate "2020.09.30"]
[SourceVersion "1"]
[SourceVersionDate "2020.09.30"]
[SourceQuality "1"]

1. d4 Nf6 2. Nf3 e6 3. Bg5 Be7 4. e3 b6 5. Bd3 Bb7 6. 0-0 0-0 7. Nbd2 d5 8. c4 Nbd7 9. Rc1 c5 10. cxd5 Nxd5 11. Bxe7 Qxe7 12. a3 Rac8 13. Ne4 h6 14. dxc5 Nxc5 15. Nxc5 Rxc5 16. Qa4 a6 17. Rxc5 Qxc5 18. Qe4 g6 19. Ne5 Qe7 20. Qd4 Rd8 21. Rd1 Qg5 22. Bf1 Rc8 23. Nc4 b5 24. Nd6 Rc7 25. Qa7 Bc8 26. Qb8 Qd8 27. e4 Qxd6 28. exd5 Qd7 29. d6 Rc6 30. g3 Rc5 31. Bg2 Kg7 32. Qb6 Rc4 33. b3 Rc2 34. Be4 Re2 35. Qd4+ Kh7 36. Rc1 Bb7 37. Bxb7 Qxb7 38. d7 e5 39. Qd3 Rxf2 40. Kxf2 e4 41. Qd4 1-0

[Event "VIE-chT"]
[Site "Ho Chi Minh City"]
[Date "2019.09.28"]
[Round "4.28"]
[White "Nguyen, Minh Chi Thien"]
[Black "Le, Minh Tu"]
[Result "0-1"]
[WhiteElo "1287"]
[BlackElo "1954"]
[PlyCount "110"]
[EventDate "2019.09.26"]
[EventType "team-swiss"]
[EventRounds "9"]
[EventCountry "VIE"]
[SourceTitle "EXT 2020"]
[Source "ChessBase"]
[SourceDate "2019.10.17"]
[SourceVersion "1"]
[SourceVersionDate "2019.10.17"]
[SourceQuality "1"]

1. e4 c5 2. Nf3 d6 3. d4 cxd4 4. Nxd4 Nf6 5. Nc3 g6 6. Bc4 Bg7 7. f3 0-0 8. Be3 Nc6 9. Qd2 Bd7 10. 0-0-0 Rb8 11. g4 b5 12. Bb3 Ne5 13. h4 a5 14. a3 Qc7 15. h5 Nc4 16. Bxc4 Qxc4 17. hxg6 fxg6 18. Bh6 Qf7 19. Rdg1 b4 20. axb4 axb4 21. Nb1 Bxh6 22. Qxh6 Qg7 23. Qd2 e6 24. Rh2 Qe7 25. Rgh1 Rf7 26. Ne2 e5 27. Ng3 Bc6 28. Qg5 Rg7 29. Nf1 d5 30. exd5 Nxd5 31. Qxe7 Nxe7 32. Nfd2 Rf8 33. Rh3 Rgf7 34. Re1 Bxf3 35. Nxf3 Rxf3 36. Rxf3 Rxf3 37. Nd2 Rg3 38. Ne4 Rg2 39. g5 Kf7 40. Nf6 Rxg5 41. Nxh7 Rh5 42. Rf1+ Nf5 43. Re1 Rxh7 44. Rxe5 Rh2 45. Re4 Rh4 46. Re2 g5 47. Kd2 Kf6 48. Re8 g4 49. Rg8 g3 50. Kd3 Rd4+ 51. Ke2 Rf4 52. c3 b3 53. Kd3 Rf2 54. c4 g2 55. Kc3 Rf3+ 0-1

[Event "VIE-ch"]
[Site "Hanoi"]
[Date "2017.04.18"]
[Round "4"]
[White "Le, Minh Tu"]
[Black "Le, Huu Thai"]
[Result "0-1"]
[WhiteElo "1934"]
[BlackElo "2223"]
[PlyCount "80"]
[EventDate "2017.04.16"]
[EventType "swiss"]
[EventRounds "11"]
[EventCountry "VIE"]
[SourceTitle "CBM 178 Extra"]
[Source "ChessBase"]
[SourceDate "2017.06.22"]
[SourceVersion "1"]
[SourceVersionDate "2017.06.22"]
[SourceQuality "1"]

1. d4 Nf6 2. c4 e6 3. Nc3 Bb4 4. Nf3 b6 5. g3 Bb7 6. Bg2 0-0 7. 0-0 Re8 8. Qc2 Qc8 9. a3 Bxc3 10. Qxc3 d6 11. b4 Nbd7 12. Bb2 a6 13. Rac1 Bc6 14. Rfd1 Ra7 15. b5 axb5 16. d5 Bb7 17. dxe6 fxe6 18. cxb5 Nc5 19. Nd4 Bxg2 20. Kxg2 e5 21. Nc6 Ra4 22. Qf3 Qe6 23. Nb4 Rf8 24. Rxc5 bxc5 25. Na6 Ne4 26. Nxc7 Qc4 27. Qg4 Qf7 28. Bxe5 Qxc7 29. Bxd6 h5 30. Bxc7 hxg4 31. b6 Rxa3 32. Rb1 c4 33. f3 Rb3 34. Rc1 gxf3+ 35. exf3 Nd2 36. Rc2 c3 37. Be5 Nb1 38. Bc7 Rb2 39. Rxb2 cxb2 40. Be5 Nc3 0-1

[Event "VIE-ch"]
[Site "Vietnam"]
[Date "2016.05.03"]
[Round "9"]
[White "Nguyen, Dang Hong Phuc"]
[Black "Le, Minh Tu"]
[Result "1-0"]
[WhiteElo "2169"]
[BlackElo "1931"]
[PlyCount "77"]
[EventDate "2016.04.27"]
[EventType "swiss"]
[EventRounds "9"]
[EventCountry "VIE"]
[SourceTitle "CBM 172 Extra"]
[Source "ChessBase"]
[SourceDate "2016.06.21"]
[SourceVersion "1"]
[SourceVersionDate "2016.06.21"]
[SourceQuality "1"]

1. d4 d5 2. Nf3 Nf6 3. c4 c6 4. Qb3 dxc4 5. Qxc4 Bf5 6. g3 e6 7. Bg2 Nbd7 8. Nc3 Be7 9. 0-0 0-0 10. e3 h6 11. Qe2 Ne4 12. Nd2 Nxc3 13. bxc3 e5 14. e4 Bh7 15. Rd1 Qc7 16. Nc4 b5 17. Ne3 b4 18. Bb2 Rfe8 19. cxb4 exd4 20. Bxd4 Bxb4 21. Bxg7 Kxg7 22. Qg4+ Bg6 23. Rxd7 Qe5 24. Rb1 a5 25. Nf5+ Kh7 26. h4 Qe6 27. Rbd1 Bxf5 28. exf5 Qf6 29. Bxc6 Ra6 30. Ba4 Rg8 31. Qc4 Rg7 32. Bb3 Rc6 33. Rxf7 Rxc4 34. Rxf6 Rxh4 35. Rc6 Rhg4 36. f6 Ra7 37. Bc2+ Kh8 38. Rd8+ Rg8 39. Rcc8 1-0

[Event "Ho Chi Minh City HD Bank op-B 6th"]
[Site "Ho Chi Minh City"]
[Date "2016.03.10"]
[Round "5"]
[White "Manaog, Stewart"]
[Black "Le, Minh Tu"]
[Result "0-1"]
[WhiteElo "2057"]
[BlackElo "1916"]
[PlyCount "98"]
[EventDate "2016.03.08"]
[EventType "swiss"]
[EventRounds "9"]
[EventCountry "VIE"]
[SourceTitle "CBM 171 Extra"]
[Source "ChessBase"]
[SourceDate "2016.04.26"]
[SourceVersion "1"]
[SourceVersionDate "2016.04.26"]
[SourceQuality "1"]

1. d4 Nf6 2. e3 g6 3. f4 c5 4. c3 Bg7 5. Nf3 b6 6. Bd3 Ba6 7. 0-0 0-0 8. Bxa6 Nxa6 9. Qd3 Nc7 10. e4 d5 11. e5 Ne4 12. Be3 Qd7 13. Nbd2 c4 14. Qc2 Nxd2 15. Qxd2 f5 16. h3 b5 17. Kh2 a5 18. Rg1 Ne6 19. g4 Bh6 20. Nh4 fxg4 21. Raf1 g3+ 22. Rxg3 Ng7 23. f5 Bxe3 24. Qxe3 Ra6 25. e6 Qe8 26. Qh6 Rxe6 27. Rxg6 Rxg6 28. fxg6 hxg6 29. Rg1 Qb8+ 30. Kh1 Rf2 31. Rg2 Rf1+ 32. Rg1 Rxg1+ 33. Kxg1 Qg3+ 34. Ng2 Nh5 35. h4 b4 36. Qe3 Kf7 37. a3 b3 38. Qc1 Ke8 39. Qd2 Nf6 40. Qc1 Ne4 41. Qh6 Qf2+ 42. Kh2 Qg3+ 43. Kg1 Nxc3 44. Qh8+ Kd7 45. Qf8 Ne2+ 46. Kf1 Nxd4 47. Qa8 Qf3+ 48. Kg1 Ne2+ 49. Kh2 Qg3+ 0-1

[Event "Ho Chi Minh City HD Bank op-B 6th"]
[Site "Ho Chi Minh City"]
[Date "2016.03.08"]
[Round "2"]
[White "Vo, Huynh Thien"]
[Black "Le, Minh Tu"]
[Result "0-1"]
[WhiteElo "1655"]
[BlackElo "1916"]
[PlyCount "96"]
[EventDate "2016.03.08"]
[EventType "swiss"]
[EventRounds "9"]
[EventCountry "VIE"]
[SourceTitle "CBM 171 Extra"]
[Source "ChessBase"]
[SourceDate "2016.04.26"]
[SourceVersion "1"]
[SourceVersionDate "2016.04.26"]
[SourceQuality "1"]

1. e4 e5 2. Nf3 Nf6 3. Nc3 Nc6 4. Bb5 Nd4 5. d3 Bb4 6. Ba4 b5 7. Bb3 d6 8. h3 c6 9. 0-0 h6 10. Nxd4 exd4 11. Ne2 Bc5 12. Ng3 a5 13. a4 Be6 14. Bxe6 fxe6 15. f4 Qc7 16. axb5 cxb5 17. f5 e5 18. Kh1 a4 19. Nh5 Qf7 20. Nxf6+ gxf6 21. c3 Ke7 22. Bd2 Rhg8 23. Rc1 Rac8 24. c4 Rb8 25. cxb5 Rxb5 26. Qxa4 Qb3 27. Qc4 Qxc4 28. dxc4 Rxb2 29. Rfd1 h5 30. Rb1 Rgb8 31. Rxb2 Rxb2 32. g4 hxg4 33. hxg4 Kf7 34. g5 fxg5 35. Bxg5 Rb4 36. Rc1 d3 37. Rc3 Rb1+ 38. Kh2 d2 39. Bxd2 Rb2 40. Rd3 Bb4 41. Kg3 Rxd2 42. Rb3 Bc5 43. Kg4 Kf6 44. Rh3 Rg2+ 45. Kh5 Rg5+ 46. Kh6 Rg4 47. Kh7 Rxe4 48. Rh5 Rxc4 0-1

[Event "VIE-chT"]
[Site "Ho Chi Minh City"]
[Date "2015.07.23"]
[Round "8.18"]
[White "Le, Minh Tu"]
[Black "Bao, Quang"]
[Result "1/2-1/2"]
[WhiteElo "1916"]
[BlackElo "2223"]
[PlyCount "90"]
[EventDate "2015.07.16"]
[EventType "team-swiss"]
[EventRounds "9"]
[EventCountry "VIE"]
[SourceTitle "EXT 2016"]
[Source "ChessBase"]
[SourceDate "2015.10.08"]
[SourceVersion "1"]
[SourceVersionDate "2015.10.08"]
[SourceQuality "1"]

1. d4 Nf6 2. Nf3 c5 3. c3 b6 4. Bg5 Bb7 5. e3 e6 6. Nbd2 Be7 7. Bd3 0-0 8. 0-0 d5 9. Ne5 Nbd7 10. f4 Ne4 11. Bxe7 Qxe7 12. Rf3 f5 13. Nxd7 Qxd7 14. Rh3 Nxd2 15. Qxd2 g6 16. Be2 Qa4 17. g4 Rad8 18. g5 Ba6 19. Bxa6 Qxa6 20. a3 c4 21. Rh6 Qb7 22. h4 Rd7 23. Qh2 Rg7 24. Kf2 Qd7 25. h5 Qb5 26. Kf3 Kf7 27. Rh1 Qd7 28. hxg6+ hxg6 29. Rh8 Qe8 30. Rh6 Rfg8 31. Qc2 Qb5 32. R1h4 Qe8 33. Qh2 Qa4 34. Qe2 Qb3 35. Kg3 a5 36. Rh7 Qa2 37. Rh1 b5 38. R1h6 Qb1 39. Qh2 Qe1+ 40. Qf2 Qd1 41. Kg2 Qg4+ 42. Qg3 Qe2+ 43. Qf2 Qg4+ 44. Qg3 Qe2+ 45. Qf2 Qg4+ 1/2-1/2

[Event "VIE-chT"]
[Site "Ho Chi Minh City"]
[Date "2015.07.22"]
[Round "7.20"]
[White "Nguyen, Ha Phuong"]
[Black "Le, Minh Tu"]
[Result "1/2-1/2"]
[WhiteElo "2086"]
[BlackElo "1916"]
[PlyCount "42"]
[EventDate "2015.07.16"]
[EventType "team-swiss"]
[EventRounds "9"]
[EventCountry "VIE"]
[SourceTitle "EXT 2016"]
[Source "ChessBase"]
[SourceDate "2015.10.08"]
[SourceVersion "1"]
[SourceVersionDate "2015.10.08"]
[SourceQuality "1"]

1. d4 Nf6 2. Nf3 g6 3. g3 Bg7 4. Bg2 0-0 5. 0-0 d5 6. b3 c5 7. Bb2 cxd4 8. Nxd4 Re8 9. Na3 e5 10. Nf3 Nc6 11. e3 Bf5 12. c4 Be4 13. cxd5 Nxd5 14. Qe2 Ndb4 15. Ne1 Bxg2 16. Kxg2 e4 17. Rd1 Qe7 18. Bxg7 Kxg7 19. Nb5 Red8 20. a3 Nd3 21. Nd4 Nce5 1/2-1/2